| 000 | 00355nam a2200133Ia 4500 | ||
|---|---|---|---|
| 008 | 240624s9999 xx 000 0 und d | ||
| 041 | _aeng | ||
| 082 | _a174.4 GIB | ||
| 100 | _aGIBSON KEVIN | ||
| 245 | _aETHICS AND BUSINESS AN INTRODUCTION | ||
| 260 |
_c2007 _aCambridge _bCambridge University Press |
||
| 300 | _a274 : p. : cm. ; 24 | ||
| 365 |
_cBPS _b30 |
||
| 999 |
_c11541 _d11541 |
||